Memoir Khatijah Sidek : puteri kesateria bangsa,ketua kaum Ibu UMNO (1954-56)

Bibliographic Details
Main Author: Khatijah Sidek
Format: Book
Published: Bangi : Penerbit Universiti Kebangsaan Malaysia , 1995
Series:Siri Memoir Universiti Kebangsaan Malaysia
Subjects:

MARC

LEADER 00000cam a2200000 7i4500
001 0000009796
002 000010666
005 20031231.0
020 |a 9679423085 
090 0 0 |a 920   |b KHA 
100 0 |a Khatijah Sidek 
245 1 0 |a Memoir Khatijah Sidek :   |b puteri kesateria bangsa,ketua kaum Ibu UMNO (1954-56)   |c Khatijah Sidek 
260 |a Bangi :   |b Penerbit Universiti Kebangsaan Malaysia ,   |c 1995 
300 |a 190p. :   |b c23cm 
490 0 |a Siri Memoir Universiti Kebangsaan Malaysia 
600 0 0 |a Khatijah Sidek   |x Biography 
650 0 0 |a Politicians   |z Malaysia   |x Biography 
650 0 0 |a Women in politics   |z Malaysia   |x Biography 
999 |a 042542   |b BUKU   |c MALAYSIANA   |e PERPUSTAKAAN KOMUNITI PETALING JAYA 
999 |a 042543   |b BUKU   |c PINJAMAN   |e PERPUSTAKAAN KOMUNITI PETALING JAYA 
999 |a 042544   |b BUKU   |c MALAYSIANA   |e PERPUSTAKAAN KOMUNITI PETALING JAYA 
999 |a 058115   |b BUKU   |c PINJAMAN   |e PERPUSTAKAAN KOMUNITI PETALING JAYA